|
ห้องสมุดวิทยาลัยพยาบาลบรมราชชนนี ตรัง |
|
แสดงรายละเอียดบรรณานุกรม |
|
|
Brief Record
: Get Marc (ISO 2709)
: E-mail record
: |
|
|
| LEADER 00000nam 2200000uu 4500 | |||
| 001 13399123897 | |||
| 003 BCNT | |||
| 008 260701s||||||||th 000 0 tha d | |||
| 020 9786164389106 | |||
| 050 0 WY160 ช133ม 2567 | |||
| 060 0 WY160 ช133ม 2567 | |||
| 100 0 ^aชนกฤทัย ชื่นอารมณ์ | |||
| 245 1 ^aมโนมติทางการพยาบาลสุขภาพจิต =^bParadigms for mental health nursing /^cชนกฤทัย ชื่นอารมณ์. | |||
| 246 3 ^aParadigms for mental health nursing | |||
| 250 ^aพิมพ์ครั้งที่ 2. | |||
| 260 ^aขอนแก่น :^bสำนักพิมพ์มหาวิทยาลัยขอนแก่น, ^c2567. | |||
| 300 203 หน้า :^bภาพประกอบ ;^c26 ซม. | |||
| 650 0 ^aการพยาบาลจิตเวชศาสตร์. | |||
| 999 ^aparamin | |||
| คุณยังไม่ได้ล็อกอิน คุณสามารถมีกิจกรรมร่วมกับเว็บไซต์ได้ แต่ต้องล็อกอินก่อน :: |
|
| สถานะ | |||||||||
| 1. | หนังสือ | WY160 ช133ม 2567 c.1 | ►ระบบ NLM | On Shelf | |||||
| 2. | หนังสือ | WY160 ช133ม 2567 c.2 | ►ระบบ NLM | On Shelf | |||||
| 3. | หนังสือ | WY160 ช133ม 2567 c.3 | ►ระบบ NLM | On Shelf | |||||
| 4. | หนังสือ | WY160 ช133ม 2567 c.4 | ►ระบบ NLM | On Shelf | |||||
| 5. | หนังสือ | WY160 ช133ม 2567 c.5 | ►ระบบ NLM | On Shelf | |||||
| [แสดง 5/5 รายการ] | |||||||||
| รายการใกล้เคียง หัวเรื่อง [การพยาบาลจิตเวชศาสตร์.]
|
BibComment |
| คอมเมนท์ทรัพยากรรายการนี้ |
|
|